[Event "Moscow Aeroflot op-A"]
[Site "Moscow"]
[Date "2004.02.20"]
[Round "4"]
[White "Ulybin, Mikhail"]
[Black "Graf, Alexander"]
[Result "0-1"]
[WhiteElo "2586"]
[BlackElo "2629"]
[Annotator "Ribli,Z"]
[PlyCount "158"]
[EventDate "2004.02.17"]
[EventType "swiss"]
[EventRounds "9"]
[EventCountry "RUS"]
[SourceTitle "CBM 100"]
[Source "ChessBase"]
[SourceDate "2004.06.01"]
[SourceVersion "1"]
[SourceVersionDate "2004.06.01"]
[SourceQuality "1"]

1. d4 Nf6 2. c4 e6 3. g3 d5 4. Nf3 dxc4 5. Bg2 a6 6. O-O Nc6 7. Nc3 {Mit
dieser Fortsetzung bereitet Weiß den Zug 8.e4 vor. Die Alternative ist 7.e3.}
Rb8 8. e4 Be7 {Das ist die sichere Fortsetzung, aber 8...b5 ist auch möglich.}
9. d5 (9. Qe2 b5) 9... exd5 10. exd5 Nb4 {Der d5P hängt und Schwarz möchte
auch Nd3 spielen.} 11. Ne5 Bf5 12. a3 (12. Bg5 O-O 13. a3 Nbxd5 14. Nxd5 Nxd5
$17) 12... Nd3 13. Nxc4 Nxc1 {Mit diesem Zug verschafft sich Schwarz das
Läuferpaar, aber die Alternative 13...0-0 kommt auch in Betracht.} 14. Rxc1 O-O
15. Qf3 $146 {Weiß hat Raumvorteil, aber der "katalanische" Läufer steht
weniger aktiv wegen des d5-Bauern. Mit dem Textzug bringt Weiß die Dame mit
Tempo ins Spiel.} (15. Qd4 Ne8 (15... Nd7 16. d6 cxd6 17. Nxd6 Bxd6 18. Qxd6
Qb6 19. Qxb6 Nxb6 20. Rfd1 $14) 16. Rfe1 Nd6 17. Ne5 h6 (17... Re8 18. h3 $5
Bf8 19. Kh2 Qf6 20. f4 h5 21. h4 Rbd8 {1/2-1/2 Ilincic,Z-Shabalov,A/Istanbul
2000/EXT 2001/[Ribli] (65)}) 18. f4 (18. h3 Re8 19. Kh2 Bh7 20. Qa4 Bf6 21. f4
Re7 $1 $11 {1/2-1/2 Ilincic,Z-Berkes,F/Budapest 2001/CBM 87/[Ribli] (56)})
18... Re8 19. Nd1 Bf6 20. Ne3 Bd7 21. Nf1 Re7 22. Nd2 Qe8 23. b3 Rd8 24. a4 Bf5
25. Rc5 h5 26. Qc3 Rc8 27. Qe3 Rd8 {0-1 Ilincic,Z-Perunovic,M/Belgrade 2002/
CBM 91 (57)}) (15. b4) 15... g6 (15... Bg4 16. Qf4 $14) 16. Rfe1 Ne8 {[%csl
Yd6][%cal Ge8d6][%mdl 32] Das ist ein typisches Springermanöver, Schwarz zielt
auf das d6-Feld.} 17. Ne3 Bd7 18. Ne4 Nd6 $11 19. Nc5 (19. Nxd6 Bxd6 20. Nc4
Bc5 $11) 19... Re8 20. Nxd7 Qxd7 21. Ng4 (21. Nc4 Bg5 (21... Nxc4 22. Rxc4 Bd6
23. Rce4 $11) 22. Nxd6 Qxd6 23. Rcd1 Bf6 $11) 21... Bg5 22. h4 (22. Nf6+ Bxf6
23. Qxf6 Rxe1+ 24. Rxe1 Re8 $11) 22... h5 23. hxg5 hxg4 24. Qf4 Rxe1+ 25. Rxe1
Re8 26. Rxe8+ (26. Re3 Rxe3 27. Qxe3 $11) 26... Qxe8 27. Qxg4 Qe5 {[%csl Ge5]
[%cal Re5b2]} 28. Qb4 (28. Qd7 Qxb2 29. Qxc7 Qxa3 30. Qd8+ Kh7 31. Kh2 b5 32.
Qf8 Qc5 33. f4 a5 $17) 28... Qxg5 $15 {[%csl Gd6,Rg2][%mdl 4096] Es gibt
reduziertes Material auf dem Brett, aber dank seiner ausgezeichneten
d6-Springerstellung hat Schwarz etwas bessere Aussichten. Der g2B steht passiv.
} 29. Qc3 Qe7 30. Bf3 Nb5 31. Qd2 Qe5 {[%cal Gb5d4,Gb5d6]} 32. Bg2 Kf8 {
[%cal Gf8e8,Ge8d8,Gd8c8] Der schwarze König begibt sich auf den Damenflügel.
Schwarz hat mehr Manövermöglichkeiten.} 33. Qb4+ Ke8 34. Kf1 Nd6 35. Bf3 Kd8
36. Kg2 Kc8 37. a4 {Der weiße Plan ist mit a4-a5 und später b2-b4 am
Damenflügel Raum zu gewinnen.} Kb8 38. a5 f5 39. b3 g5 $1 {[%csl Rd5,Rf3][%cal
Rg5g4,Rg4f3] Die schwarze Drohung ist 40...g4.} 40. g4 f4 41. Kf1 Kc8 {Der
schwarze König steht gut am Damenflügel, aber mit einem neuem Königsmarsch
kann Schwarz sein Übergewicht demonstrieren. Weiß kann praktisch nichts machen,
nur warten.} 42. Kg2 Kd7 43. Qc5 Nb5 44. b4 Qd6 45. Qc4 {Die einzige Hoffnung
für Weiß besteht darin, die Damen auf dem Brett zu behalten.} (45. Qxd6+ $2
Kxd6 $19) 45... Qe7 46. Qd3 (46. Bd1 Nd6 $15) 46... Kd8 47. Qc4 Ke8 48. Qd3 Nd6
49. Qd4 Nf7 {[%cal Gf7e5]} 50. Qc4 Kd8 51. Qd4 Qe5 52. Qd3 (52. Qxe5 Nxe5 $19)
52... Qf6 53. Qe4 Ne5 54. Qc2 Kc8 55. Qe4 Kb8 56. Be2 Ng6 $17 57. Bf3 $2 {
Der Läufer steht sehr schlecht auf f3, was Schwarz viele taktische
Möglichkeiten gibt.} (57. Qe8+ Ka7 58. Qe4 $15) 57... Nh4+ 58. Kg1 (58. Kh2 Qh8
59. Kg1 Qa1+ 60. Kh2 Qe1 $1 $19 {[%csl Re4,Rf3,Rh2]} (60... Qf1 $17)) 58...
Qa1+ 59. Kh2 Qf1 (59... Qe1 $1 $19 {[%csl Re4,Rf3,Rh2]}) 60. Qe8+ Ka7 61. Qe2
Nxf3+ (61... Qe1 $22) 62. Qxf3 Kb8 $22 {Nach diesem Zug befindet sich Weiß im
Zugzwang.} 63. Qg2 Qe2 64. Kg1 (64. f3 Qe1 $19) 64... f3 65. Qg3 Qd1+ 66. Kh2
Qxd5 $19 {Schwarz hat einen Bauern mehr und seine Dame ist viel aktiver als
die gegnerische Dame.} 67. Qh3 Qe5+ 68. Qg3 Qe4 (68... Qh8+) 69. Qh3 Qe5+ 70.
Qg3 Qh8+ 71. Kg1 Qc3 72. Kh2 Kc8 (72... Qxb4 73. Qxf3 Qxa5 74. Qf8+ Ka7 75. Qf5
b6 76. f4 Qd2+ $19) 73. Qh3 Qe5+ 74. Qg3 Qh8+ 75. Kg1 Qc3 76. Kh2 Kd7 {Schwarz
gewinnt immer ein Tempo und sein König kommt näher ins Zentrum.} 77. Kg1 Ke6
78. Kh1 Qa1+ 79. Kh2 Qe5 {[%cal Re5h2] Jetzt gewinnt der Damentausch leicht.} (
79... Qe5 80. Qxe5+ (80. Kh3 Qh8+ $19) 80... Kxe5 81. Kg3 Ke4 $19) 0-1

[Event "Moscow Aeroflot op-A"]
[Site "Moscow"]
[Date "2004.02.20"]
[Round "4"]
[White "Filippov, Valerij"]
[Black "Sakaev, Konstantin"]
[Result "1/2-1/2"]
[WhiteElo "2609"]
[BlackElo "2656"]
[Annotator "Ribli,Z"]
[PlyCount "109"]
[EventDate "2004.02.17"]
[EventType "swiss"]
[EventRounds "9"]
[EventCountry "RUS"]
[SourceTitle "CBM 100"]
[Source "ChessBase"]
[SourceDate "2004.06.01"]
[SourceVersion "1"]
[SourceVersionDate "2004.06.01"]
[SourceQuality "1"]

1. Nf3 Nf6 2. c4 e6 3. g3 d5 4. d4 dxc4 5. Bg2 a6 6. O-O Nc6 7. e3 (7. Nc3)
7... Bd7 8. Nc3 Nd5 9. Nd2 (9. Qe2 Nxc3 10. bxc3 Bd6 11. Rd1 b5 12. Ne5 $1 Bxe5
13. dxe5 Nxe5 14. Qh5 $1 (14. Bxa8 Qxa8 $17) 14... Nd3 15. Ba3 Rb8 $1 16. Be4
b4 $1 17. Bxb4 Nxb4 $2 (17... Rb5 $5 18. Qg4 Qg5 19. Qxg5 Rxg5 20. Bxd3 cxd3
21. c4 $1 (21. Rxd3 Rd5 $1 $11) 21... Bc6 22. f4 $1 $14) 18. cxb4 Rb5 (18...
Qe7 19. Qe5 $1 O-O 20. Qxc7 Rfd8 21. Rac1 $16) 19. Qe2 {1-0 Khalifman,
A-Petrosian,A/Moscow II 1987/(29)}) (9. e4 Nxc3 10. bxc3 Be7) 9... Nxc3 (9...
Nb6 10. Qe2 Na5 11. e4 $44) 10. bxc3 b5 11. a4 {Weiß hat eine starke
Zentrumstellung und Initiative am Damenflügel, was völlig ausreichende
Kompensation für den Bauern darstellt.} (11. Qg4 $5 {Nach diesem Zug kann
Schwarz seinen Königsflügel nicht so einfach entwickeln.}) 11... Be7 (11... Rb8
12. axb5 (12. Ba3 $44 {[%csl Ga3,Gf8][%cal Yd2e4,Ye4c5]}) (12. e4 e5 $5 13.
axb5 axb5 14. d5 Ne7 15. Ba3 Ng6 16. Bxf8 Nxf8 17. f4 Ng6 18. f5 Ne7 19. f6 $44
{1-0 Wells,P-Barsov,A/York 2000/CBM 81/[Wells] (31)}) 12... axb5 13. Qg4 g6 14.
Qe2 Bd6 15. Ne4 O-O 16. Ba3 Qe7 17. Qf3 Kg7 18. Nxd6 cxd6 19. d5 Nd8 20. dxe6
fxe6 21. Qd1 Nf7 22. Bb4 Bc8 23. f4 $44 {1/2-1/2 Berkes,F-Aronian,L/Goa IND
2002 (53)}) 12. Ba3 Bxa3 {Dieser Läufertausch gefällt mir nicht, weil er dem
Weißen hilft, auf der a-Linie zu verdoppeln. Nach meiner Meinung ist es besser
für Schwarz, der Partie Berkes,F - Leko, P Budapest 2003 zu folgen mit 12...
Rb8.} (12... Rb8 13. axb5 axb5 14. Ne4 $44 {[%csl Yc5][%cal Ge4c5]} O-O 15. Qe2
$6 (15. Nc5 $44) 15... Bxa3 16. Rxa3 e5 17. d5 (17. Nc5 $142 exd4 18. exd4 Re8
19. Qd2 $15) 17... Ne7 $15 {1/2-1/2 Berkes,F-Leko,P/Budapest 2003/CBM 95/
[Ribli] (41)}) 13. Rxa3 O-O (13... Qe7 14. Qa1 Rb8 15. axb5 axb5 16. Ra6 $36)
14. Ne4 $44 {[%csl Yc5][%cal Ge4c5] Der Springer zielt auf das c5-Feld, was
ein positionelles Loch in der schwarzen Stellung darstellt.} Ne7 {[%cal Gd7c6,
Gc6g2] Schwarz möchte seinen Läufer aktivieren.} (14... Qe7 15. Nc5 $44) 15.
axb5 (15. Nc5 Bc6 16. Bxc6 Nxc6 17. Qb1 b4 $5 18. cxb4 Qd5) 15... Bxb5 (15...
axb5 $4 16. Rxa8 Qxa8 17. Nf6+ $18 {[%cal Rf6g8,Rg2a8]}) 16. Nc5 {Es ist wahr,
dass Weiß einen Bauern weniger hat, aber seine Bauernstruktur ist gesund,
während die schwarzen Bauern am Damenflügel alle schwach sind.} Ra7 (16... c6
17. Qa1 $44) 17. Qa1 {[%cal Ga1a7]} c6 18. Qa2 {[%cal Gf1a1,Ga1a7,Ga2c4] Mit
diesem Damezug bereitet Weiß 19.Ra1 vor und dann wird 20.Bf1 möglich und Weiß
kann den c4-Bauern angreifen.} (18. Nxa6 Qa8 19. Nc7 Rxa3 20. Nxa8 Rxa1 21.
Rxa1 Nd5 22. Bxd5 (22. Bf1 Nxc3 23. Nb6 Ne4 24. Nxc4 c5 $11) 22... cxd5 23. Nc7
$11) 18... Nd5 19. Ra1 (19. e4 $5 Nb6 20. f4 $44) 19... Qe7 (19... e5 $5) 20.
Bf1 Nb6 (20... e5 $6 21. Bxc4 $16) 21. Nxa6 $14 Rfa8 (21... e5 22. Nc5 Rxa3 23.
Qxa3 exd4 24. cxd4 $14) 22. Qb2 {[%cal Gb2b6]} g6 (22... Rxa6 $6 23. Rxa6 Rxa6
24. Rxa6 Bxa6 25. Qxb6 $16) 23. Nc5 e5 (23... Rxa3 24. Rxa3 Rxa3 25. Qxa3 $14 {
[%csl Ga3]}) 24. Rxa7 Rxa7 25. Rxa7 Qxa7 26. Qd2 (26. Bg2 $14) 26... Nd5 (26...
exd4 $2 27. Qxd4 {[%csl Gd4,Yf6][%cal Gc5e4,Ge4f6]} Nd5 28. e4 Nxc3 29. Qd8+
Kg7 30. Nd7 Qa3 31. Qf6+ Kg8 32. Qd4 $16) 27. e4 Ne7 (27... exd4 $2 28. Qxd4 {
Auf diese Weise erhalten wir die Anmerkung zu 26...exd4?.}) 28. f4 exf4 (28...
exd4 29. Qxd4 $16 {[%csl Gc5,Gd4]}) 29. Qxf4 $16 {[%csl Rb5,Gc5,Gf4][%mdl 2048]
Weiß hat eine gesunde Stellung, mit aktivem Figurenspiel, während der schwarze
b5-Läufer passiv steht.} Nc8 30. e5 {[%cal Gc5e4,Ge4f6]} (30. g4 $16 {[%cal
Gg4g5]}) 30... Nb6 {[%cal Gb6d5]} 31. Ne4 Qe7 (31... Nd5 32. Qf3 $16 {[%cal
Ge4d6]}) 32. Nf6+ Kg7 33. Bg2 Nd7 {Schwarz möchte den gegnerischen Springer
tauschen.} 34. Nxd7 (34. Ne4 $5 c5 35. Nd6 Ba6 36. Qf3 $16) 34... Qxd7 35. h4 {
[%mdl 4096]} Qe7 (35... h5 36. Qf6+ Kg8 37. Kf2 $16) 36. Kh2 h6 37. Be4 Ba4 {
[%cal Ga4d1,Gd1g4]} 38. Kh3 (38. Qf1 Qe6) 38... Bd1 39. Qf1 (39. g4 $5) 39...
Qe6+ 40. Kh2 Bg4 41. Qg2 c5 42. Bd5 Qf5 (42... Qd7 43. dxc5 Qf5 44. c6 Qxe5 45.
Qe4 $16) 43. Bxc4 cxd4 44. cxd4 {Weiß hat endlich einen Bauern gewonnen, aber
es so gibt wenig Material auf dem Brett, dass die technische Vertwertung des
Vorteils sehr schwierig ist.} g5 {Schwarz muss so viel, wie moeglich Material
tauschen.} 45. hxg5 hxg5 46. Be2 Bxe2 (46... Qh7+ 47. Kg1 Qb1+ 48. Qf1 $16) 47.
Qxe2 f6 $14 48. Kg2 (48. e6 $2 Kf8 $11) 48... g4 (48... fxe5 49. Qxe5+ Qxe5 50.
dxe5 Kg6 51. g4 $18) 49. exf6+ Kxf6 50. Qa6+ Kg5 51. Qc6 {Weiß zentralisiert
die Dame und verteidigt sich gegen 51...Qc2+ und 51...Qf3+.} Kh5 52. Kg1 (52.
Qc5 Kg6) 52... Qb1+ $11 53. Kf2 Qb2+ {[%cal Rb2f2,Rb2d4]} 54. Ke3 Qa3+ 55. Kf4
(55. Ke4 $4 Qf3+ $19) (55. Kf2 Qb2+ $11) (55. Kf4 Qd6+ $3 56. Qxd6 $11) 1/2-1/2

[Event "Ciocaltea Memorial"]
[Site "Bucharest"]
[Date "2003.03.08"]
[Round "5"]
[White "Ionescu, Mihai"]
[Black "Iordachescu, Viorel"]
[Result "0-1"]
[WhiteElo "2414"]
[BlackElo "2550"]
[Annotator "Ribli,Z"]
[PlyCount "102"]
[EventDate "2003.03.04"]
[EventType "tourn"]
[EventRounds "13"]
[EventCountry "ROU"]
[EventCategory "9"]
[SourceTitle "CBM 094"]
[Source "ChessBase"]
[SourceDate "2003.05.26"]
[SourceVersion "1"]
[SourceVersionDate "2003.05.26"]
[SourceQuality "1"]

1. Nf3 Nf6 2. c4 e6 3. g3 d5 4. d4 dxc4 5. Bg2 Bb4+ {Das ist eine seltene
Variante - ohne 4...dxc4 wäre 4...Bb4 eine populäre Fortsetzung.} 6. Bd2 Be7 7.
Qa4+ Bd7 8. Qxc4 Bc6 9. Nc3 {Wir haben eigentlich eine Stellung der Variante 4.
..dxc4 5.Qa4+Bd7 6.Qxc4 Bc6 7.Bg2 Nbd7 erreicht. Weiß hat das "Plustempo" -
Bd2, aber auf diese Weise kann Schwarz 9...Ne4 ziehen und erlangt bequemes
Spiel.} (9. O-O Nbd7 (9... a5 10. Nc3 O-O 11. Rfe1 Ne4 12. Bf4 Bd6 13. Bxd6
Qxd6 14. Qd3 Nxc3 15. bxc3 Bxf3 16. Bxf3 c6 17. Rab1 Qc7 18. Rb2 Nd7 19. c4 {
1/2-1/2 Gelfand,B-Tissir,M/Shenyang 2000/CBM 79 (50)}) 10. Nc3 Ne4 11. Bf4 Nxc3
12. bxc3 O-O 13. Qd3 Bf6 14. Rad1 Qe7 15. Bxc7 Nc5 {0-1 Almasi,I-Horvath,J/
Budapest 1995/EXT 98 (32)}) 9... Ne4 10. Bf4 (10. Qd3 Nxd2 11. Qxd2 Bb4 12. O-O
Nd7 13. a3 Bxc3 14. Qxc3 Nf6 15. Rac1 O-O 16. Ne5 Bxg2 17. Kxg2 c6 18. Rfd1 Qe7
{1/2-1/2 Jaworski,M-Splosnov,S/Karvina 1998/EXT 2000 (56)}) 10... Nxc3 11. Qxc3
(11. bxc3 O-O (11... g5 {Dieser Zug fuehrt zu großen Komplikationen.} 12. Be5 (
12. Bd2 g4 13. Nh4 Bxh4 14. Bxc6+ Nxc6 15. gxh4 Qxh4 16. Rb1 O-O-O 17. Qb5 Qh3
$36) 12... f6 13. Nxg5 Bxg2 14. Nxe6 Qc8 15. Ng7+ (15. Rg1 $13) 15... Kf8 16.
Ne6+ $11) 12. O-O Nd7 $11) 11... Nd7 12. O-O Nf6 {[%csl Ye4][%cal Gc6g2,Gf6e4]
Schwarz kontrolliert das wichtige Zentrumsfeld e4.} 13. Rfd1 O-O 14. a3 {
Statt dieser Fortsetzung waere 14.Bg5 schlecht wegen 14...Ne4.} (14. Bh3 Nd5
15. Qc1 Nxf4 16. Qxf4 Bxf3 17. Qxf3 c6 18. e3 Qb6 19. Qe2 Rfd8 20. Bg2 Rd7 {
1/2-1/2 Heim,S-Ravikumar,V/Thessaloniki 1984/EXT 97-B (28)}) (14. Qc2 Be4 $11)
14... Nd5 $11 {Schwarz hat eine bequeme Stellung ohne Schwächen. Mit dem
Textzug verschafft er sich noch das Läuferpaar.} 15. Qd2 Nxf4 16. Qxf4 a5 {
[%cal Ga5a4] Mit diesem Zug gewinnt Schwarz Raum am Damenfluegel.} 17. e4 (17.
a4 $11 {Dieser Zug schwaecht zwar das b4-Feld, aber auf diese Weise kann Weiß
den Zug a5-a4 verhindern.}) (17. Ne5 Bxg2 18. Kxg2 a4 19. Qe4 c6 $11) 17... Bb5
(17... f5 18. Qe5 $13 (18. exf5 Rxf5 19. Qe3 Bd5 $11 (19... Qd6 $11))) 18. Bf1
$6 {Mit diesem Zug tauscht Weiß den Bb5, aber es waere besser, im Zentrum Raum
zu gewinnen.} (18. a4 $11) (18. d5 $5 $36) 18... Bxf1 19. Kxf1 c6 20. Kg2 (20.
a4 $11) 20... a4 {[%csl Ga4][%cal Ga8a5,Ga5b5][%mdl 32] Schwarz hat
Raumvorteil am Damenfluegel und im folgenden kann er mit Ra5 und Rb5 seinen
Turm stark ins Spiel bringen.} 21. Qd2 Ra5 22. Rac1 Rb5 {[%csl Gb5] Der Turm
steht aktiv auf b5 - er kontrolliert den b2-Bauern und verhindert den
eventuellen Zentrumsdurchbruch d4-d5.} 23. Rc2 Bf6 24. Qe2 Qb6 25. Rdd2 g6 26.
h4 (26. Qc4 Ra8 $11) 26... Rd8 {Schwarz hat das aktivere Figurenspiel, aber
Weiß kann seine Schwächungen (b2P und d4P) leicht verteidigen.} 27. Rc4 (27.
Qc4 $11) 27... Qa6 28. Rdc2 (28. Rb4 Rxb4 29. Qxa6 bxa6 30. axb4 Rb8 31. Rc2
Rxb4 32. Rxc6 Bxd4 (32... Rxb2 $6 33. Rxa6 $36) 33. Nxd4 Rxd4 $15) 28... Rb3
29. Nd2 Rb6 30. Nf3 Kg7 31. h5 $6 {Mit diesem Zug hilft Weiß dem Gegner -
danach übernimmt Schwarz die Herrschafft ueber die h-Linie. Es waere besser
mit neutralen Wartezuegen die Stellung beizubehalten.} (31. Qe3 Rb3 32. Qf4 $11
) 31... Qb5 32. hxg6 hxg6 33. Qe3 Qh5 $5 {[%csl Rg2][%cal Rd8h8,Rh8h1] Dank
dem 31. Zug von Weiß bekommt Schwarz chancenreichen Angriff auf der h-Linie.
Der a4P ist nicht mehr interessant fuer Schwarz.} 34. Rxa4 Rh8 35. Kf1 (35. Ng1
$5) 35... Qh1+ 36. Ke2 (36. Ng1 $5 {Nach diesem Zug ist es schwer zu sehen,
wie Schwarz seinen Angriff fortsetzen kann.}) 36... Qb1 37. Qc1 (37. Qc3 Rh1
$44 {[%csl Gb1,Re2,Gh1]}) 37... Qxc1 38. Rxc1 Rxb2+ $15 39. Ke3 {[%csl Ra3]
[%cal Gb2f2,Gb2b3,Gb3e3][%mdl 4096] Der a3P ist eine potenzielle Schwäche in
der weißen Stellung und der b2R steht sehr aktiv.} Be7 {[%cal Ge7a3] Mit
diesem Zug verhindert Schwarz 40.Rb4 und der Läufer kontrolliert den a3-Bauern.
} 40. Rd1 (40. Rc3 Rh1 $15) 40... Rh5 $1 {[%csl Gb2,Ge7,Gh5][%cal Gh5b5] Die
schwarze Figurenkoordination ist ausgezeichnet.} 41. Ra8 Rhb5 {[%csl Gb2,Gb5]}
42. Rd3 Ra2 {[%cal Rb5b2,Ra2f2]} 43. a4 Rbb2 44. Re8 (44. Rd2 $2 Bg5+ $19) (44.
Nd2 Bb4 $17) 44... Bb4 45. e5 Rxf2 $17 {[%csl Re3]} 46. Rb8 g5 {[%cal Rg5g4,
Rg4f3]} (46... Rae2+ 47. Kf4 Bd2+ 48. Kg4 Re4+ 49. Kh3 Be3 $19 {[%csl Rf3]})
47. Ke4 (47. g4 Rae2#) 47... g4 $19 48. Rxb7 Rxa4 (48... Rxf3 $1 49. Rxf3 gxf3
50. Kxf3 (50. Rxb4 f2 51. Rb1 Re2+ $19) 50... Rxa4 $19) 49. Ng5 Kg6 50. Ke3
Raa2 {[%cal Ra2e2,Re2e3]} 51. Rb3 Kxg5 (51... Kxg5 52. R7xb4 Rf3+ 53. Ke4 Re2+
$19) 0-1

[Event "EU-Cup 18th"]
[Site "Kallithea"]
[Date "2002.09.28"]
[Round "7.1"]
[White "Avrukh, Boris"]
[Black "Aleksandrov, Aleksej"]
[Result "0-1"]
[WhiteElo "2582"]
[BlackElo "2654"]
[Annotator "Ribli,Z"]
[PlyCount "74"]
[EventDate "2002.09.22"]
[EventType "team-swiss"]
[EventRounds "7"]
[EventCountry "GRE"]
[SourceTitle "CBM 092"]
[Source "ChessBase"]
[SourceDate "2003.02.06"]
[SourceVersion "1"]
[SourceVersionDate "2003.02.06"]
[SourceQuality "1"]
[WhiteTeam "Beer Sheva"]
[BlackTeam "Skopje Alkaloid"]
[WhiteTeamCountry "ISR"]
[BlackTeamCountry "MKD"]

1. d4 Nf6 2. c4 e6 3. Nf3 d5 4. g3 dxc4 5. Bg2 Nc6 {Dieser Springerzug ist
sehr populär in der letzten Zeit. Nach 6.0-0 Schwarz kann 6...Rb8 und wenn
muss b7-b5 spielen.} 6. Qa4 {Das ist die chancenreiche Fortsetzung fuer Weiss.}
Bb4+ (6... Nd7 7. Qxc4 Nb6 8. Qd3 e5 {Das waere die andere Variante, wo
Schwarz ist in der Naehe des Ausgleichs.}) 7. Bd2 Bd6 {Ich erinnere mich - in
der Partie Karpov,A - Kramnik,V Wijk aan Zee 1998 war dieser Zug noch eine
theoretische Neuerung von Schwarz. Die Hauptidee des Zugs ist, dass Schwarz
moechte auf e6-e5 spielen, das gar nicht typisch für die Katalanische
Eroeffnung ist.} 8. Bc3 (8. Nc3 O-O 9. Qxc4 e5 10. d5 Nb4 (10... Ne7 11. O-O h6
(11... a6 12. Bg5 $14) 12. Rfd1 a6 13. a4 c6 $1 14. dxc6 Nxc6 15. Qh4 Bf5 16.
Bxh6 $5 gxh6 17. Qxh6 $40 {1/2-1/2 Vaganian,R-Zvjaginsev,V/Poikovsky 2002/CBM
89 (29)}) 11. O-O c6 12. dxc6 Nxc6 13. Rfd1 Be6 14. Qh4 Be7 15. Be3 Qa5 16. Qa4
Qxa4 17. Nxa4 Rfd8 18. Nc3 h6 {1/2-1/2 Georgiev,K-Aleksandrov,A/Bled SLO 2002/
(32)}) (8. Qxc4 e5 9. dxe5 Nxe5 10. Nxe5 Bxe5 11. Bc3 Bxc3+ 12. Nxc3 O-O 13.
Rd1 Qe7 14. O-O Be6 15. Qa4 c6 $11) 8... O-O 9. Qxc4 Qe7 {[%cal Ge6e5]} (9...
Ne4 10. O-O Qe7 11. Rd1 a6 12. Nbd2 Nxc3 13. Qxc3 e5 14. dxe5 Nxe5 15. Nxe5
Bxe5 16. Qe3 Bf6 17. Qxe7 Bxe7 18. Nc4 {1/2-1/2 Zueger,B-Marciano,D/Biel 1998/
EXT 99 (18)}) 10. Ne5 {Auf diese Weise verhindert Weiss die Moeglichkeit e6-e5.
In folgendem bekommt er einen Doppelbauern auf der e-Linie, aber der e5P
garantiert Weiss Raumvorteil im Zentrum.} Bxe5 11. dxe5 Nd5 12. Nd2 {Nach 12.
Bxd5 exd5 13.Qxd5 Bh3 haette Schwarz gute Kompensation fuer den Bauern, weil
in diesem Fall die weissfarbigen Felder am Koenigsfluegel sehr schwach sind.
Nach meiner Meinung waere es statt der Partiefortsetzung (12.Nd2) logischer
zuerst zu rochieren und dann erst die Springerstellung zu bestimmen.} (12. O-O
Rd8 (12... Bd7 13. Nd2 Rfd8 14. Nf3 Nxc3 15. Qxc3 Qb4 16. Qc2 h6 17. e3 Qa5 18.
Rfc1 {1-0 Zueger,B-Lagumina,G/Montecatini Terme 1999/EXT 2000 (31)}) 13. Rd1 (
13. Na3 Nxc3 14. Qxc3 Bd7 15. Nc2 Be8 16. b4 a5 {1/2-1/2 Anand,V-Kramnik,V/
Frankfurt 1998/CBM 65 ext (40)}) 13... Bd7 14. Nd2 Nxc3 15. Qxc3 Be8 16. Nb3
Rxd1+ 17. Rxd1 Rd8 18. Rc1 {1-0 Wojtkiewicz,A-Goldin,A/Oak Bridge 2000/EXT
2001 (62)}) 12... Rd8 13. Rc1 (13. O-O) 13... a5 $1 $11 {[%mdl 32] Mit diesem
Zug verhindert Schwarz die spaetere Moeglichkeit b2-b4. Die andere Idee des
Zugs ist, dass er am Damenfluegel Raum gewinnt und spaeter den Turm über a6
ins Spiel bringen kann.} 14. O-O Bd7 15. Nf3 (15. Ne4 $5 Be8 16. Rfd1) 15...
Nxc3 16. Qxc3 Be8 {Der Läufer steht in Sicherheit auf e8. Weiss hat etwas
positionellen Druck, aber Schwarz hat eine bequeme Stellung, er hat keine
Probleme.} 17. a3 a4 {Schwarz gewinnt Raum am Damenfluegel.} (17... h6 $11 18.
b4 $2 axb4 19. axb4 Qxb4 20. Qxb4 Nxb4 21. Rxc7 Bc6 $17 {[%csl Rc7][%cal Gb4d5,
Gd5c7,Gb4a6,Ga6c7]}) 18. e3 (18. Rfd1 $11) 18... h6 19. Nd4 Ra6 20. Nxc6 $6 {
Dieser Tausch hilft nur dem Gegner und ploetzlich werden die schwarzen Figuren
(e8B und a6R) sehr aktiv.} (20. Rfd1 $11) 20... Bxc6 21. Bxc6 Rxc6 {[%mdl 4096]
} 22. Qa5 Qd7 $1 23. h4 (23. Qxa4 $4 Rxc1 $19) 23... h5 24. Rfe1 $6 (24. Rfd1
Rxc1 (24... Qxd1+ $2 25. Rxd1 Rxd1+ 26. Kg2 Rc2 27. Qxa4 Rdd2 28. Qe8+ Kh7 29.
Qxf7 $16) 25. Rxc1 b6 $11) 24... b5 $15 25. Qb4 (25. Red1) 25... g6 26. e4 $6 (
26. b3 $5) 26... Rxc1 27. Rxc1 Qd2 28. Qc5 (28. Rxc7 Qxb4 29. axb4 Rd4 $17 {
[%cal Rd4e4,Rd4b4,Gb4b2]}) (28. Qc3 Rd4 $15 (28... Kg7 $15)) 28... Qxb2 29.
Qxc7 Rd2 $17 {[%csl Gb2,Gd2] Schwarz hat eigentlich einen Bauern mehr, weil
die weissen Doppelbauern auf der e-Linie entwertet sind.} 30. Rf1 Kg7 {Schwarz
hat die ueberlegene Stellung, er muss sich nicht beeilen, sondern kann zuerst
in aller Ruhe seine Koenigsstellung verbessern.} 31. Qc5 Rd3 {[%csl Ra3]} 32.
Kg2 Qe2 {[%cal Re2e4,Re4g2] Jetzt haengt der e4P mit Schach und 33.Qxb5? geht
nicht wegen 33...Rxg3+.} (32... Rxa3 33. Qe7 Rd3 $19) 33. Kg1 Rb3 {[%csl Ra3,
Gb3,Ge2,Re4,Re5] Alles ist verteidigt in der schwarzen Stellung, weil es zu
viele Bauernschwächen in dem weissen Lager gibt.} (33... Qxe4 34. Qxb5 Rxa3 $19
) 34. Qe7 Qf3 {[%cal Rf3a3,Gf3f6,Gf3e4] Schwarz verteidigt sich gegen 35.Qf6+.
Außerdem hängen a3P und e4P.} (34... Qxe4 35. Qf6+ Kg8 36. Rd1 Rd3 $19) 35. Qd7
Qxe4 $19 36. Qd6 Rd3 37. Qb8 Rd5 {[%csl Re5]} 0-1